Reaction or interaction? Spatial process identification in multi-tiered government structures (Record no. 56006)

000 -LEADER
fixed length control field 01301pab a2200181 454500
008 - FIXED-LENGTH DATA ELEMENTS--GENERAL INFORMATION
fixed length control field 180718b2003 xxu||||| |||| 00| 0 eng d
100 ## - MAIN ENTRY--PERSONAL NAME
Personal name Revelli, Federico
245 ## - TITLE STATEMENT
Title Reaction or interaction? Spatial process identification in multi-tiered government structures
260 ## - PUBLICATION, DISTRIBUTION, ETC.
Date of publication, distribution, etc. 2003
300 ## - PHYSICAL DESCRIPTION
Extent p.29-53.
362 ## - DATES OF PUBLICATION AND/OR SEQUENTIAL DESIGNATION
Dates of publication and/or sequential designation Jan
520 ## - SUMMARY, ETC.
Summary, etc. This paper models horizontal and vertical fiscal externalities in a multi-tiered structure of government, and implements maximum likelihood and instrumental variables estimation techniques to identify the source of spatial dependence in English local government expenditures. The results shows that when vertical fiscal externalities among upper-tier (County) authority and lower-tier (District) authority expenditures are explicitly taken into account, the estimated magnitude of inter-district fiscal interactions is substantially reduced. The observed positive spatial autocorrelation among District expenditures can consequently be attributed to a large extent to common reaction to County fiscal policies, rather than to actual strategic interaction. - Reproduced.
650 ## - SUBJECT ADDED ENTRY--TOPICAL TERM
Topical term or geographic name entry element Public expenditure - Great Britain
650 ## - SUBJECT ADDED ENTRY--TOPICAL TERM
Topical term or geographic name entry element Local government - Great Britain
650 ## - SUBJECT ADDED ENTRY--TOPICAL TERM
Topical term or geographic name entry element Local government
773 ## - HOST ITEM ENTRY
Main entry heading Journal of Urban Economics
909 ## -
-- 56006
Holdings
Withdrawn status Lost status Damaged status Not for loan Permanent Location Current Location Date acquired Serial Enumeration / chronology Barcode Date last seen Price effective from Koha item type
        Indian Institute of Public Administration Indian Institute of Public Administration 2018-07-19 Volume no: 53, Issue no: 1 AR56451 2018-07-19 2018-07-19 Articles

Powered by Koha